[Event "POL-chT3 U19 Slaska"]
[Site "Slask"]
[Date "2007.03.17"]
[Round "5.33"]
[White "Bresz, Lukasz"]
[Black "Polok, Kacper"]
[Result "0-1"]
[WhiteElo "1400"]
[BlackElo "1850"]
[PlyCount "82"]
[EventDate "2007.01.27"]
[EventType "team-tourn"]
[EventRounds "11"]
[EventCountry "POL"]
[SourceTitle "EXT 2019"]
[Source "ChessBase"]
[SourceDate "2018.10.10"]
[SourceVersion "1"]
[SourceVersionDate "2018.10.10"]
[SourceQuality "1"]
[WhiteTeam "Katowice UKS Palac Mlodziezy U19"]
[BlackTeam "Katowice Hetman Szopienice U19"]
[WhiteTeamCountry "POL"]
[BlackTeamCountry "POL"]

1. d4 Nf6 2. Bg5 h6 3. Bh4 e6 4. e3 b6 5. Nf3 Bb7 6. Nbd2 Be7 7. Bd3 d5 8. 0-0 Nbd7 9. b3 Ne4 10. Bxe7 Qxe7 11. c4 f5 12. Ne5 Nxe5 13. dxe5 0-0 14. f4 Rad8 15. cxd5 Nc3 16. Qc2 Nxd5 17. Rae1 Nb4 18. Qc3 Rxd3 19. Qb2 Rfd8 20. Nf3 Bxf3 21. Rxf3 Qc5 22. Qf2 Nc2 23. Rf1 Rxe3 24. b4 Rxf3 25. gxf3 Qxf2+ 26. Rxf2 Nxb4 27. h4 c5 28. Rg2 c4 29. a3 Rd1+ 30. Kh2 c3 31. axb4 Rd2 32. Kg1 Rxg2+ 33. Kxg2 c2 34. Kf2 c1Q 35. Ke2 Qc2+ 36. Ke1 a5 37. bxa5 bxa5 38. h5 a4 39. Kf1 a3 40. Ke1 a2 41. Kf1 a1R# 0-1